000 00699cam a22002411 4500
001 sa 68007222
003 DLC
005 20260227112521.0
008 880621s1968 ii 000 0dorix
010 _asa 68007222
025 _aPL480:I-0-895
035 _a(OCoLC)20043925
040 _aDLC
_cNN
_dDLC
042 _apremarc
050 0 0 _aPK2579.B73
_bS2 1968
245 1 0 _aSamara taraṅga.
_c[Lekhaka] Brajanātha Baḍajena. Sampādakā: Debendra Mahānti.
260 _a[Kataka]
_bPhrésyasa Pabliśars
_c[1968]
300 _a104 p.
_c19 cm.
500 _aIn Oriya.
500 _aA poem.
500 _aIncludes biographical information about the author.
700 1 _aMahanti, Debendra.
999 _c81726
_d81726